000 00635nam a2200241Ia 4500
003 OSt
005 20220923224124.0
006 a|||||r|||| 00| 0
007 ta
008 Pun
024 _a225,981
037 _cTextual
040 _aARTS
_cARTS
_bPun
041 _2Pun
_aPun
082 _aO153:g, P4
100 _aਜਸਪਾਲ ਕੈਰ
245 0 _aਪਾਠ
_b ਸੰਵਾਦ
260 _aਦਿੱਲੀ
_b Fਿਲਾਲੇਖ
_c2004
300 _a127ਪੰ
_ccm.
650 _aਪੰਜਾਬੀ ਸਾਹਿਤ
942 _hO153:g, P4
_cTEXL
_2CC
999 _c369386
_d369386